Estatísticas para Países com Mais Animais Venenosos

Clique aqui para jogar o quiz

Estatísticas Gerais

  • Esse quiz foi jogado 7 896 vezes
  • A pontuação média é 11 de 18

Estatísticas das Respostas

#País% Correto
75Brasil
98%
66Austrália
97%
36Estados Unidos
87%
80México
78%
60Índia
77%
53Colômbia
71%
37África do Sul
68%
59Indonésia
67%
47Peru
66%
36Venezuela
65%
47Equador
55%
49Tailândia
55%
38Malásia
44%
50Vietnã
44%
34Papua Nova Guiné
36%
38Irã
35%
48Myanmar
26%
34Quênia
25%

Distribuição das Pontuações

Percentil de Números Respondidos

Porcentagem de Pessoas com Cada Pontuação

Sua Pontuação Histórica

Você não jogou esse quiz